| 000 | 00592nam a2200181Ia 4500 | ||
|---|---|---|---|
| 003 | GCL | ||
| 008 | 140319s9999 xx 000 0 ara d | ||
| 040 |
_aGCL / _cGCL |
||
| 082 | 0 | 4 |
_a863.03 _bم س |
| 100 | 1 | _aصالح علمانى | |
| 245 | 1 | 0 |
_aساعة الشؤم : رواية / _cصالح علمانى |
| 700 | 1 | _aماركيز ، جابرييل جارسيا | |
| 300 | _a184 ص | ||
| 490 |
_aالهيئة العامة للاستعلامات _v0 |
||
| 650 | 0 | 4 | _aالقصص الاسبانية المترجمة |
| 650 | 0 | 4 | _aالادب الاسبانى المترجم |
| 942 |
_2ddc _cBK |
||
| 999 |
_c47302 _d47302 |
||